[Event "Capablanca mem"]
[Site "Matanzas"]
[Date "1995.??.??"]
[Round "11"]
[White "Garcia, Gildardo"]
[Black "Becerra Rivero, Julio"]
[Result "1/2-1/2"]
[WhiteElo "2520"]
[BlackElo "2490"]
[PlyCount "103"]
[EventDate "1995.05.??"]
[Source "ChessBase"]

1. e4 c6 2. d4 d5 3. exd5 cxd5 4. c4 Nf6 5. Nc3 Nc6 6. Nf3 Bg4 7. cxd5 Nxd5 8. Qb3 Bxf3 9. gxf3 e6 10. Qxb7 Nxd4 11. Bb5+ Nxb5 12. Qc6+ Ke7 13. Qxb5 Qd7 14. Nxd5+ Qxd5 15. Qxd5 exd5 16. Be3 Ke6 17. O-O-O Bb4 18. Bd4 f6 19. Rhg1 Kf7 20. Be3 Rhd8 21. Rg4 a5 22. Rd3 Rd7 23. a3 Be7 24. Ra4 Rc8+ 25. Kb1 Bd8 26. Rad4 Ke6 27. Rb3 Rc6 28. Rd1 Rc4 29. Bd4 a4 30. Rb5 Bc7 31. h3 Be5 32. Be3 d4 33. Bd2 d3 34. b3 axb3 35. Rxb3 Rh4 36. Be3 Rxh3 37. f4 Bc7 38. a4 Rh5 39. Rbxd3 Rxd3 40. Rxd3 Ra5 41. Rd4 h5 42. Kc2 g6 43. Rc4 Bd8 44. Kd3 Kf5 45. Ke2 Rd5 46. Kf3 Ba5 47. Rc1 g5 48. fxg5 fxg5 49. Rg1 g4+ 50. Kg2 h4 51. Rb1 Bc3 52. Rb8 1/2-1/2

[Event "Corr"]
[Site "?"]
[Date "2002.07.01"]
[Round "?"]
[White "Piccoli Fabio Bidart (BRA)"]
[Black "Ortiz Elias Jose(PER)"]
[Result "1-0"]
[WhiteElo "2539"]
[BlackElo "2470"]
[PlyCount "61"]
[EventDate "2002.??.??"]
[Source "www.chesslib.no"]
[SourceDate "2004.05.04"]

1. e4 c6 2. d4 d5 3. exd5 cxd5 4. c4 Nf6 5. Nc3 Nc6 6. Bg5 Be6 7. a3 Qd7 8. Bxf6 gxf6 9. Be2 O-O-O 10. Bf3 dxc4 11. d5 Qc7 12. Qa4 Qe5+ 13. Nge2 Bxd5 14. Bxd5 Rxd5 15. Nxd5 Qxd5 16. O-O Rg8 17. Ng3 Rg4 18. Rfd1 Qe5 19. b4 a6 20. Rab1 e6 21. b5 axb5 22. Rxb5 c3 23. Qxg4 Qxb5 24. Rc1 Qb2 25. Ne2 Bxa3 26. Qg8+ Kc7 27. Qxf7+ Kb8 28. Qxe6 Qd2 29. Qe8+ Nd8 30. Rf1 c2 31. Qa4 1-0

[Event "Espace Charenton"]
[Site "?"]
[Date "2005.07.13"]
[Round "4"]
[White "Ghaem Maghami Ehsan"]
[Black "Serafimov Tervel"]
[Result "1/2-1/2"]
[WhiteElo "2603"]
[BlackElo "2405"]
[PlyCount "39"]
[EventDate "2005.??.??"]
[Source "www.chesslib.no"]
[SourceDate "2004.05.04"]

1. e4 c6 2. d4 d5 3. exd5 cxd5 4. c4 Nf6 5. Nc3 Be6 6. cxd5 Bxd5 7. Nf3 Nc6 8. Bb5 e6 9. O-O a6 10. Be2 Be7 11. Bg5 O-O 12. Ne5 Rc8 13. Rc1 Ne4 14. Bxe7 Nxe7 15. Bf3 Nxc3 16. bxc3 b5 17. a4 Bxf3 18. Qxf3 Qd5 19. Qe2 Ng6 20. Nxg6 1/2-1/2

[Event "Bundesliga 9394"]
[Site "Germany"]
[Date "1994.??.??"]
[Round "?"]
[White "Wahls, Matthias"]
[Black "Pfleger, Helmut"]
[Result "0-1"]
[WhiteElo "2520"]
[BlackElo "2485"]
[PlyCount "66"]
[EventDate "1993.10.??"]
[Source "ChessBase"]
[SourceDate "1999.07.01"]

1. e4 c6 2. d4 d5 3. exd5 cxd5 4. c4 Nf6 5. Nc3 Nc6 6. Nf3 e6 7. c5 Be7 8. Bb5 O-O 9. O-O Ne4 10. Qc2 Ng5 11. Bxg5 Bxg5 12. Rab1 Bf6 13. Rfd1 Bd7 14. b4 g6 15. Qe2 Re8 16. Bxc6 bxc6 17. b5 Qa5 18. Rb3 cxb5 19. Nxb5 Reb8 20. Nd6 Rxb3 21. axb3 Qb4 22. Qe3 Rb8 23. Qf4 Qxb3 24. Rc1 Qb2 25. h4 Rf8 26. c6 Bc8 27. c7 Be7 28. Rc6 Qa1+ 29. Kh2 Qa4 30. Rc1 Qd7 31. Ne5 Bxd6 32. Nxd7 Bxf4+ 33. g3 Bxc1 0-1

[Event "Moscow ol (Men)"]
[Site "Moscow"]
[Date "1994.??.??"]
[Round "7"]
[White "Sermek, Drazen"]
[Black "Guliev, Sarhan"]
[Result "1/2-1/2"]
[WhiteElo "2515"]
[BlackElo "2490"]
[PlyCount "85"]
[EventDate "1994.11.??"]
[Source "ChessBase"]

1. e4 c6 2. d4 d5 3. exd5 cxd5 4. c4 Nf6 5. Nc3 Nc6 6. Nf3 Bg4 7. cxd5 Nxd5 8. Qb3 Bxf3 9. gxf3 e6 10. Qxb7 Nxd4 11. Bb5+ Nxb5 12. Qc6+ Ke7 13. Qxb5 Qd7 14. Nxd5+ Qxd5 15. Qxd5 exd5 16. O-O Ke6 17. Re1+ Kf5 18. Rd1 Rd8 19. Be3 Rd7 20. Rac1 Be7 21. b3 Rb8 22. Rc6 Rb4 23. Bd4 f6 24. Ra6 Rbb7 25. Be3 Bb4 26. Rc6 Ba3 27. Rd2 Be7 28. Rd3 Bd8 29. Bc5 Bc7 30. b4 a5 31. a3 axb4 32. axb4 Be5 33. h3 Rb8 34. Ra6 g5 35. Kf1 d4 36. Ke2 Re8 37. Kd1 Re6 38. Ra5 Rc6 39. Kc2 Rb7 40. Kb3 h5 41. Kc4 Rc8 42. Ra6 Rg7 43. Ra1 1/2-1/2

[Event "Malaga"]
[Site "Malaga"]
[Date "1981.??.??"]
[Round "9"]
[White "Tal, Mihail"]
[Black "Marovic, Drazen"]
[Result "1/2-1/2"]
[WhiteElo "2555"]
[BlackElo "2445"]
[PlyCount "114"]
[EventDate "1981.04.??"]
[Source "ChessBase"]

1. e4 c6 2. d4 d5 3. exd5 cxd5 4. c4 Nf6 5. Nc3 Nc6 6. Bg5 Qa5 7. Bd2 dxc4 8. Bxc4 e6 9. Nf3 Be7 10. Nd5 Qd8 11. Nxe7 Nxe7 12. O-O Bd7 13. Bg5 Bc6 14. Re1 h6 15. Bh4 Bd5 16. Bb5+ Kf8 17. Bg3 Ne4 18. Be5 f6 19. Bf4 g5 20. Be3 Nf5 21. Bd3 Ned6 22. Nd2 h5 23. Nb1 Kg7 24. Nc3 Ne7 25. Be2 Kg6 26. Qd3+ Kf7 27. Nxd5 Nxd5 28. Bd2 Qd7 29. Rac1 Nf5 30. Bd1 a6 31. Bb3 Rac8 32. Rc5 Nfe7 33. Qe4 b6 34. Rxc8 Nxc8 35. h3 Nce7 36. Qf3 Kg7 37. Qe2 Kf7 38. Qxa6 g4 39. Qd3 Nf5 40. Re4 Rg8 41. hxg4 hxg4 42. Qe2 g3 43. Qh5+ Rg6 44. Rg4 gxf2+ 45. Kxf2 Nde7 46. d5 Kg7 47. Rxg6+ Nxg6 48. Qg4 Qd6 49. g3 Qe5 50. dxe6 Qxb2 51. Qe2 Qd4+ 52. Kg2 Qd6 53. Be1 Nd4 54. Qe4 Nxb3 55. axb3 Ne5 56. Qb7+ Kg6 57. e7 Kf7 1/2-1/2

[Event "Cappelle op"]
[Site "Cappelle la Grande"]
[Date "1997.??.??"]
[Round "4"]
[White "Lanka, Zigurds"]
[Black "Guliev, Sarhan"]
[Result "1-0"]
[WhiteElo "2575"]
[BlackElo "2425"]
[PlyCount "73"]
[EventDate "1997.02.15"]
[Source "ChessBase"]

1. e4 c6 2. d4 d5 3. exd5 cxd5 4. c4 Nf6 5. Nc3 Nc6 6. Bg5 Qa5 7. a3 Ne4 8. Bd2 Nxd2 9. Qxd2 dxc4 10. Bxc4 e6 11. Nf3 Be7 12. O-O O-O 13. b4 Qh5 14. Ne4 Rd8 15. Rfe1 b6 16. Ng3 Qg4 17. Re4 Qg6 18. Rae1 Bf6 19. h3 Kf8 20. b5 Ne7 21. Ne5 Bxe5 22. Rxe5 f6 23. R5e4 Nd5 24. a4 Qf7 25. Qd3 Rb8 26. Bxd5 Rxd5 27. Ne2 g5 28. Nc3 Rd6 29. Qg3 Ke7 30. Nd5+ Kd7 31. Ne3 Rb7 32. f4 Rc7 33. fxg5 Bb7 34. Rf4 f5 35. Ng4 Qg6 36. Nf6+ Ke7 37. Rh4 1-0